Glee : il film /

保存先:
書誌詳細
第一著者: Levine, James S., (1974- ) (作曲家)
その他の著者: Woodall, Alexis Martin (プロデューサー), Falchuk, Brad (シナリオライター), Brennan, Ian (シナリオライター), Michele, Lea (俳優), Colfer, Chris (俳優), Murphy, Ryan (デイレクター, シナリオライター), Baffa, Christopher (写真家), Agron, Dianna (俳優)
フォーマット: スライド
言語:イタリア語
英語
出版事項: Milano : Twentieth Century Fox Home Entertainment, ©2010
版:Limited ed
タグ: タグ追加
タグなし, このレコードへの初めてのタグを付けませんか!

MARC

LEADER 00000ngm a22000007i 4500
001 IT\ICCU\MOD\1564107
003 ItRI
005 20260124182847.0
008 100215s2010 it |||||||||||||||k|||||c
028 4 2 |a 43110DS  |b Twentieth Century Fox Home Ent 
028 4 2 |a F4SITS43110DS  |b Twentieth Century Fox Home Ent 
040 |b ita 
041 7 |a ita  |a eng  |2 ISO-639-2 
082 |a 791.43  |9 CINEMA  |2 19 
130 0 |a Glee: Directorʼs Cut Pilot Episode <film ; 2009>  |3 IT\ICCU\LO1\1475182 
245 0 0 |a Glee :  |b il film /  |c [directed by Ryan Murphy ; written by Ryan Murphy, Brad Falchuk, Ian Brennan ; director of photography: Christopher Baffa ; music by James S. Levine ; produced by Alexis Martin Woodall ; cast: Dianna Agron, Chris Colfer, Lea Michele ... et al.]. 
250 |a Limited ed 
260 |a Milano :  |b Twentieth Century Fox Home Entertainment,  |c ©2010 
300 |a 1 DVD video (ca. 50 min.) ;  |c in contenitore, 19 cm 
500 |a Produzione cinematografica: USA, 2009 
500 |a Caratteristiche tecniche: regione 2; PAL; 2.35:1 aspect ratio, letterbox 16:9; DVD 9; Dolby digital 5.1; color 
500 |a Tit. del contenitore 
500 |a Interpreti: Dianna Agron, Chris Colfer, Lea Michele 
500 |a Lingue: italiano, inglese; sottotitoli: italiano, inglese 
500 |a Contenuti speciali 
500 |a Etichetta: Twentieth Century Fox Home Entertainment 
700 1 |a Levine, James S.,  |d  (1974- )  |0 IT\ICCU\DDSV\305104  |4 cmp 
700 1 |a Woodall, Alexis Martin  |0 IT\ICCU\DDSV\307741  |4 pro 
700 1 |a Falchuk, Brad  |0 IT\ICCU\LO1V\377173  |4 sce 
700 1 |a Brennan, Ian  |0 IT\ICCU\LO1V\377174  |4 sce 
700 1 |a Michele, Lea  |0 IT\ICCU\LO1V\403750  |4 act 
700 1 |a Colfer, Chris  |0 IT\ICCU\LO1V\404447  |4 act 
700 1 |a Murphy, Ryan  |0 IT\ICCU\RAVV\462609  |4 drt 
700 1 |a Murphy, Ryan  |0 IT\ICCU\RAVV\462609  |4 sce 
700 1 |a Baffa, Christopher  |0 IT\ICCU\UBOV\077967  |4 pht 
700 1 |a Agron, Dianna  |0 IT\ICCU\UBOV\400141  |4 act 
710 2 |a 20th Century Fox  |0 IT\ICCU\UBOV\798248  |4 pbl 
790 1 |a Levine, James Scott  |3 IT\ICCU\SBNV\091738  |z Levine, James S. (1974- ) 
790 1 |a Colfer, Christopher Paul  |3 IT\ICCU\BVEV\291456  |z Colfer, Chris 
791 2 |a Twentieth Century Fox Film Corporation  |3 IT\ICCU\FOGV\238179  |z 20th Century Fox 
791 2 |a 20th Century Fox (Servizio Stampa)  |3 IT\ICCU\LIGV\125742  |z 20th Century Fox 
791 2 |a Twentieth Century Fox  |3 IT\ICCU\MODV\664620  |z 20th Century Fox 
791 2 |a Twentieth Century Fox.  |b Home Entertainment  |3 IT\ICCU\MODV\664621  |z 20th Century Fox 
791 2 |a Twentieth Century Fox Home Video  |3 IT\ICCU\MODV\664623  |z 20th Century Fox 
791 2 |a 20th Century Fox Home Video  |3 IT\ICCU\MODV\664624  |z 20th Century Fox 
942 |2 ddc  |c VM  |n 0 
952 |0 0  |1 0  |4 0  |6 VO_1791_000000000000000  |7 0  |9 27153  |a BO  |b BO  |d 2026-01-24  |i 13782  |l 0  |o VO 1791  |p BO13782  |r 2026-01-24 18:28:47  |w 2026-01-24  |x [Sebina 5] [1 dvd]  |y VM  |z 1 dvd 
999 |c 22986  |d 22986